00605nam a2200145Ia 4500008004100000020001800041050002000059245006500079260008900144300002600233650003100259700004000290952011200330999001700442120721s9999 xx 000 0 und d a968-6773-54-1 aPQ7269 N84 2000 aEl nuevo teatro II / introducción de Hugo Gutiérrez Vega aMéxico : Arte y Escena : El Milagro : Consejo Nacional para la Cultura y las Artes a543 p. : il. ; 21 cm. a1. Drama mexicano siglo XX aI. Gutiérrez Vega, Hugo, prol.Ì 00104070a08b08d2008-12-17l6m3oPQ7269 N84 2000p08 001155r2019-09-06s2019-09-06t1w2012-07-20yLB c81695d81695